[Event "Pan American-ch School U13 12th"]
[Site "Callao"]
[Date "2023.10.17"]
[Round "3"]
[White "Merca Alvarado, Gabriel Adolfo"]
[Black "Levano Loayza, Adriano Jaffet"]
[Result "1/2-1/2"]
[WhiteElo "1086"]
[BlackElo "1492"]
[PlyCount "44"]
[EventDate "2023.10.16"]
[EventType "swiss"]
[EventRounds "9"]
[EventCountry "PER"]
[SourceTitle "Mega2024 Update 01"]
[Source "Chessbase"]
[SourceDate "2023.11.12"]
[SourceVersion "1"]
[SourceVersionDate "2023.11.12"]
[SourceQuality "1"]

1. d4 d5 2. Nf3 Nf6 3. e3 e6 4. Bd3 Bd6 5. b3 b6 6. Bb2 Bb7 7. 0-0 0-0 8. Nbd2 Ne4 9. c4 Nd7 10. Ne5 Bxe5 11. dxe5 Nec5 12. Nf3 Nxd3 13. Qxd3 Nc5 14. Qc2 dxc4 15. Rfd1 cxb3 16. axb3 Qe7 17. Ba3 Bxf3 18. gxf3 Qg5+ 19. Kh1 Qh5 20. Kg2 Qxe5 21. Bb2 Qg5+ 22. Kh1 Qh5 1/2-1/2